| 000 | 00946nam a22001937a 4500 | ||
|---|---|---|---|
| 008 | 100414s2005 ua|||||r|||| 000 0 ara d | ||
| 020 | _a9772709023 | ||
| 082 |
_222 _a371.358 _bه ا د |
||
| 100 |
_913562 _aالهادي، محمد محمد |
||
| 245 |
_aالتعليم الإلكتروني عبر شبكة الإنترنت / _cتأليف محمد محمد الهادي؛ تقديم حامد عمار |
||
| 260 |
_aالقاهرة: _bالدار المصرية اللبنانية ، 2005 _c2005 |
||
| 300 |
_a335 ص ؛ _c22 سم |
||
| 490 | _aآفاق تربوية متجددة | ||
| 650 |
_913565 _aالتعليم بالانترنت |
||
| 650 |
_913564 _aالتعليم _xوسائل سمعية وبصرية |
||
| 700 |
_913563 _aحامد، عمار |
||
| 942 |
_2ddc _cBB |
||
| 999 |
_c13893 _d13893 |
||